|
|
|
|
| LEADER |
00000nam a2200000Ia 4500 |
| 008 |
160106b1997 u ||||| |||| 00| | spa d |
| 020 |
|
|
|a 9290880675
|
| 090 |
|
|
|a 13.01.01
|b 1636
|
| 100 |
1 |
|
|9 1243
|a Novick, Marta
|
| 245 |
1 |
0 |
|a Competitividad, redes productivas y competencias laborales ¿Homogeneidad o segmentación? /
|c Compiladoras Marta Novick; María A. Gallart
|
| 260 |
|
|
|a Montevideo :
|b Cinterfor,
|c 1997
|
| 300 |
|
|
|a 394 páginas
|
| 650 |
1 |
4 |
|a TRABAJO
|9 886
|
| 650 |
1 |
4 |
|a COMPETENCIA
|9 345
|
| 650 |
1 |
4 |
|a PRODUCTIVIDAD
|9 1244
|
| 650 |
1 |
4 |
|a RECURSOS HUMANOS
|9 1166
|
| 650 |
1 |
4 |
|a CAMBIO TECNOLÓGICO
|9 1245
|
| 651 |
|
4 |
|a AMÉRICA LATINA
|9 273
|
| 700 |
|
|
|a Gallart, María A.
|9 1246
|
| 942 |
|
|
|i 003317
|h 13.01.01 1636
|2 z
|c 01
|
| 999 |
|
|
|c 311
|d 311
|